| 000 | 01989nam a2200565 i 4500 | ||
|---|---|---|---|
| 001 | DIGALBA0222 | ||
| 003 | NyNyDIG | ||
| 007 | cr ||||||||||| | ||
| 008 | 220826s2015 sp o 000 f spa d | ||
| 006 | m o d | ||
| 035 | _a(OCoLC)957584821 | ||
| 040 |
_aDGITA _beng _erda _epn _cDGITA |
||
| 020 |
_a9788490650936 _qeBook |
||
| 020 | _z9788490650646 | ||
| 041 | 1 |
_aspa _heng |
|
| 043 | _an-us-nb | ||
| 050 | 1 | 4 | _aPS3505.A87 ebook |
| 082 | 1 | 4 | _a813.52 |
| 100 | 1 |
_aCather, Willa, _d1873-1947, _eauthor. |
|
| 240 | 1 | 0 |
_aO pioneers!. _lSpanish _s(Moral Bartolomé) |
| 245 | 1 | 0 |
_aPioneros / _cWilla Cather ; traducción, Gema Moral Bartolomé. |
| 250 | _aEdición en formato digital. | ||
| 264 | 1 |
_aBarcelona : _bAlba, _c[2015] |
|
| 300 | _a1 online resource. | ||
| 336 |
_atext _btxt _2rdacontent |
||
| 337 |
_acomputer _bc _2rdamedia |
||
| 338 |
_aonline resource _bcr _2rdacarrier |
||
| 347 |
_atext file _2rdaft |
||
| 347 | _bEPUB | ||
| 490 | 1 | _aAlba minus | |
| 588 | 0 | _aOnline resource; title from ePub title page (Digitalia, viewed August 26, 2022) | |
| 650 | 0 |
_aSwedish Americans _vFiction. |
|
| 650 | 0 |
_aBrothers and sisters _vFiction. |
|
| 650 | 0 |
_aWomen immigrants _vFiction. |
|
| 650 | 0 |
_aWomen farmers _vFiction. |
|
| 650 | 0 |
_aWomen pioneers _vFiction. |
|
| 650 | 0 |
_aFarm life _vFiction. |
|
| 651 | 0 |
_aNebraska _vFiction. |
|
| 655 | 7 |
_aFiction. _2lcgft |
|
| 655 | 0 | _aElectronic books. | |
| 700 | 1 |
_aMoral Bartolomé, Gemma, _etranslator. |
|
| 700 | 1 |
_iTranslation of: _aCather, Willa, _d1873-1947. _tO pioneers!. |
|
| 791 | 2 |
_aDigitalia (Firm), _edistributor. |
|
| 793 | 0 |
_gDigitalia eBook Collection: _aAlba Editorial |
|
| 776 | 0 | 8 |
_iPrint version: _aCather, Willa, 1873-1947. _sO pioneers!. Spanish (Moral Bartolomé). _tPioneros. _dBarcelona : Alba, 2015 _z9788490650646 |
| 830 | 0 |
_aAlba minus ; _v39. |
|
| 856 | 4 | 0 |
_3Digitalia Hispánica _uhttps://www.digitaliapublishing.com/a/48839/ |
| 910 | _aPremium collection: 2022 | ||
| 942 | _cRAA | ||
| 999 |
_c251146 _d251146 |
||